000 01247cam a22002771i 4500
003 SA-RiAUC
005 20251014080536.0
008 251011s2000 sy g 000 0 ara c
040 _aSA-JeALM
_bara
_cSA-RiAUC
_erda
082 0 4 _a258.2
_qSA-RiAUC
090 _a258.2
_bا ب ن ح
100 1 _aابن الحاجب، عثمان بن عمر بن أبي بكر،
_d570-646 هجري
_eمؤلف.
245 1 0 _aجامع الأمهات /
_cتأليف جمال الدين بن عمر بن الحاجب المالكي ؛ تحقيق أبي عبد الرحمن الأخضر الأخضري.
250 _aالطبعة الأولى.
264 1 _aطرابلس :
_bمكتبة طرابلس العلمية.
_c2000
300 _aمجلد ؛
_c24 × 17 سم
336 _aنص
_btxt
_2rdacontent
_3كتاب
337 _aبدون وسيط
_bn
_2rdamedia
338 _aمجلد
_bnc
_2rdacarrier
563 _aمجلد فني.
650 7 _aالفقه المالكي
_2aucsh
700 1 _aالأخضري، الأخضر
_eمحقق.
700 1 2 _iتحقيق لـ (عمل) :
_aابن الحاجب، عثمان بن عمر بن أبي بكر،
_d570-646 هجري.
_tجامع الأمهات.
942 _2ddc
_cBOOK
_n0
949 _aSA-JeALM
_d251011
_umohamedma123
_n1
999 _c12544
_d12544